| 000 | 01642nam a2200421Ia 4500 | ||
|---|---|---|---|
| 001 | DIGCIDOB113 | ||
| 003 | NyNyDIG | ||
| 006 | m o d | ||
| 007 | cr ||||||||||| | ||
| 008 | 150101s2012 sp ob 000 0 spa d | ||
| 035 | _a(OCoLC)1335126687 | ||
| 040 |
_aDGITA _beng _erda _epn _cDGITA |
||
| 043 | _ama----- | ||
| 050 | 1 | 4 | _aDS63.1 |
| 050 | 1 | 4 | _aJQ1850.A58 |
| 100 | 1 |
_aSzmolka Vida, Inmaculada, _eauthor. |
|
| 245 | 1 | 0 |
_aFactores desencadenantes y procesos de cambio político en el mundo árabe / _cInmaculada Szmolka |
| 264 | 1 |
_aBarcelona : _bFundació CIDOB, Barcelona Centre for International Affairs, _c2012. |
|
| 300 | _a1 online resource (80 pages) | ||
| 336 |
_atext _btxt _2rdacontent |
||
| 337 |
_acomputer _bc _2rdamedia |
||
| 338 |
_aonline resource _bcr _2rdacarrier |
||
| 490 | 1 |
_aDocumentos CIDOB. _aMediterráneo y Oriente Medio ; _v19 |
|
| 504 | _aIncludes bibliographical references (pages 72-79) | ||
| 588 | _aDescription based on online resource; title from PDF title page (Digitalia, viewed December 5, 2014) | ||
| 650 | 0 | _aArab Spring, 2010- | |
| 650 | 0 |
_aIslam and state _zArab countries. |
|
| 650 | 0 | _aIslam and politics. | |
| 650 | 0 | _aIslam and state. | |
| 651 | 0 |
_aArab countries _xPolitics and government _y21st century. |
|
| 655 | 7 |
_aPeriodicals. _2lcgft |
|
| 710 | 2 | _aCIDOB (Center) | |
| 793 | 0 |
_gDigitalia e-journal Collection: _aCIDOB, Barcelona |
|
| 791 | 2 |
_aDigitalia (Firm), _edistributor. |
|
| 830 | 0 |
_aDocumentos CIDOB. _pMediterráneo y Oriente Medio, _x1696-9979 ; _v19. |
|
| 856 | 4 | 0 |
_3Digitalia Hispánica _uhttps://www.digitaliapublishing.com/a/23843/ |
| 942 | _cRAA | ||
| 999 |
_c237985 _d237985 |
||